FAB:THE COMING REVOLUTION ON YOUR DESKTOP-FROM PERSONAL COMPUTERS TO PERSONAL FABRICATION (Record no. 214131)

MARC details
000 -LEADER
fixed length control field 00429nam a22001457a 4500
008 - FIXED-LENGTH DATA ELEMENTS--GENERAL INFORMATION
fixed length control field 241209b |||||||| |||| 00| 0 eng d
020 ## - INTERNATIONAL STANDARD BOOK NUMBER
International Standard Book Number 0465027458
050 ## - LIBRARY OF CONGRESS CALL NUMBER
Classification number T174.G476 2005
100 ## - MAIN ENTRY--PERSONAL NAME
Personal name GERSHENFELD NEIL
245 ## - TITLE STATEMENT
Title FAB:THE COMING REVOLUTION ON YOUR DESKTOP-FROM PERSONAL COMPUTERS TO PERSONAL FABRICATION
260 ## - PUBLICATION, DISTRIBUTION, ETC.
Place of publication, distribution, etc. NEWYORL
Name of publisher, distributor, etc. EASY READ LARGE
Date of publication, distribution, etc. 2005
300 ## - PHYSICAL DESCRIPTION
Extent X,381
942 ## - ADDED ENTRY ELEMENTS (KOHA)
Source of classification or shelving scheme Library of Congress Classification
Koha item type Long Loan Book
Holdings
Withdrawn status Lost status Source of classification or shelving scheme Damaged status Not for loan Collection Home library Current library Shelving location Date acquired Inventory number Total checkouts Full call number Barcode Date last seen Copy number Price effective from Koha item type
    Library of Congress Classification     Science & Technology Kisii University Library Kisii University Library On Display 12/09/2024 105710   T174.G476 2005 000000020674 12/09/2024 C.1 12/09/2024 Long Loan Book